Statistics for Four Letter European Geography #3

Click here to take the quiz!

General Stats

  • This quiz has been taken 467 times
  • The average score is 13 of 22

Answer Stats

ClueAnswer% Correct
Scottish name for a lakeLoch
98%
Capital of LatviaRiga
93%
Third biggest city in FranceLyon
90%
Walled city of northern EnglandYork
88%
City that merged with Buda in 1873Pest
87%
Capital on the Dnieper RiverKiev
82%
Second-biggest city in Republic of IrelandCork
78%
Ethnic group of Russians, Poles and SerbsSlav
78%
Heavily populated river valley in GermanyRuhr
77%
Currency of Germany until 2002Mark
75%
River Hamburg and Dresden lie onElbe
56%
River on which Frankfurt is locatedMain
53%
National animal of Romania; big catLynx
51%
Russian version of "John"Ivan
50%
The counties surrounding LondonHome
44%
Largest island in the Inner HebridesSkye
35%
Longest river on the Iberian peninsulaEbro
33%
Term for a deep valley, mentioned in
the song "Danny Boy"
Glen
33%
Third-biggest city in AustriaLinz
33%
Biggest city in northern FinlandOulu
24%
Russian city with namesake of a hairstylePerm
23%
Spanish city that hosted the first
Parliament in European history
León
16%

Score Distribution

Percentile by Number Answered

Percent of People with Each Score

Your Score History

You have not taken this quiz